MARC

LEADER 00000nam0a2200000 4500
001 168358
005 20231031163103.0
010 |a 5256002880 
020 |a RU  |b 89-46817 
035 |a (RuTPU)RU\TPU\book\182669 
090 |a 168358 
100 |a 20091027d1989 m y0rusy5003 ca 
101 0 |a rus 
102 |a RU 
105 |a a j 001zy 
200 1 |a Проектирование конструкций радиоэлектронной аппаратуры  |e учебное пособие для вузов  |f Е. М. Парфенов, Э. Н. Камышная, В. П. Усачов 
210 |a Москва  |c Радио и связь  |d 1989 
215 |a 271,[1] с.  |c ил. 
304 |a Загл. корешка : Проектирование конструкций РЭА 
320 |a Библиогр.: с. 271 (25 назв.). 
610 1 |a радиоэлектронная аппаратура 
610 1 |a конструкции 
610 1 |a конструирование 
610 1 |a проектирование 
610 1 |a расчеты 
610 1 |a курсовые проекты 
610 1 |a курсовое проектирование 
610 1 |a САПР 
610 1 |a ЭВМ 
610 1 |a применение 
610 1 |a учебные пособия 
675 |a 621.396.6.001.63(075.8)  |z rus 
686 |a 32.844-02я2  |2 rubbk 
700 1 |a Парфенов  |b Е. М.  |g Евгений Михайлович  |4 070 
701 1 |a Камышная  |b Э. Н.  |g Эмилия Николаевна 
701 1 |a Усачов  |b В. П.  |g Валерий Петрович 
801 0 |a RU  |b RuMRKP  |c 19950417  |g psbo 
801 1 |a RU  |b 63413507  |c 20091027 
801 2 |a RU  |b 63413507  |c 20100224  |g RCR 
942 |c BK